Statistics for Top 20 Bollywood Actors of All Time

Click here to take the quiz!

General Stats

  • This quiz has been taken 2,166 times
  • The average score is 11 of 20

Answer Stats

# Starred in... Answer % Correct
8.Kal Ho Naa HoShah Rukh Khan
93%
9.DabanggSalman Khan
91%
7.3 IdiotsAamir Khan
82%
2.Kabhi Khushi Kabhie GhamAmitabh Bachchan
80%
16.Dil Chahta HaiSaif Ali Khan
78%
19.Jab We MetShahid Kapoor
77%
11.Lage Raho Munna BhaiSanjay Dutt
75%
13.Hera PheriAkshay Kumar
68%
12.Slumdog MillionaireAnil Kapoor
58%
20.Jaane Tu ... Ya Jaane NaImran Khan
57%
4.SholayDharmendra
57%
15.Gadar: Ek Prem KathaSunny Deol
52%
10.OmkaraAjay Devgn
51%
17.Dil Chahta HaiAkshaye Khanna
49%
18.SaathiyaVivek Oberoi
47%
5.Love Aaj KalRishi Kapoor
37%
14.DevdasJackie Shroff
35%
1.MadhumatiDilip Kumar
29%
6GuruMithun Chakraborty
15%
3.BandiniAshok Kumar
8%

Score Distribution

Percentile by Number Answered

Percent of People with Each Score

Your Score History

You have not taken this quiz